Welcome to WEB OPAC of MRSPTU Central Library

An Introduction to Reactive Power Control and Voltage Stability in Power Transmission Systems (Record no. 6946)

MARC details
000 -LEADER
fixed length control field 00532nam a2200181Ia 4500
008 - FIXED-LENGTH DATA ELEMENTS--GENERAL INFORMATION
fixed length control field 230711s9999||||xx |||||||||||||| ||und||
020 ## - INTERNATIONAL STANDARD BOOK NUMBER
International Standard Book Number 978-81-203-4050-3
041 ## - LANGUAGE CODE
Language code of text/sound track or separate title ENG
082 ## - DEWEY DECIMAL CLASSIFICATION NUMBER
Classification number 621.31921
Item number CH-R
100 ## - MAIN ENTRY--PERSONAL NAME
Personal name Chakrabarti,Abhijit
245 #3 - TITLE STATEMENT
Title An Introduction to Reactive Power Control and Voltage Stability in Power Transmission Systems
250 ## - EDITION STATEMENT
Edition statement 3rd Ed.
260 ## - PUBLICATION, DISTRIBUTION, ETC.
Date of publication, distribution, etc. 2010
Place of publication, distribution, etc. New Delhi
Name of publisher, distributor, etc. PHI Learning Private Limited
300 ## - PHYSICAL DESCRIPTION
Extent 259p.
650 ## - SUBJECT ADDED ENTRY--TOPICAL TERM
Topical term or geographic name entry element Electrical Engineering
700 ## - ADDED ENTRY--PERSONAL NAME
Personal name Kothari,D.P
942 ## - ADDED ENTRY ELEMENTS (KOHA)
Koha item type Book
Holdings
Withdrawn status Lost status Damaged status Not for loan Collection Home library Current library Date acquired Source of acquisition Cost, normal purchase price Inventory number Total checkouts Full call number Barcode Date last seen Price effective from Koha item type Date last checked out
          MRSPTU Central Library MRSPTU Central Library   Technical Bureau India PVT.LTD 250.00 TB47044713   621.31921 CH-R 41053 08/17/2023 08/17/2023 Book  
          MRSPTU Central Library MRSPTU Central Library   Technical Bureau India PVT.LTD 250.00 TB47044713   621.31921 CH-R 41054 08/17/2023 08/17/2023 Book  
          MRSPTU Central Library MRSPTU Central Library   Technical Bureau India PVT.LTD 250.00 TB47044713   621.31921 CH-R 41055 08/17/2023 08/17/2023 Book  
          MRSPTU Central Library MRSPTU Central Library   Technical Bureau India PVT.LTD 250.00 TB47044713 1 621.31921 CH-R 41056 11/04/2024 08/17/2023 Book 10/08/2024

Website Designed and Developed by MRSPTU Central Library Team

E-mail Id: librarian@mrsptu.ac.in